NAJPOPULARNIEJSZE KOMUNIKATORY INTERNETOWE - Statystyki

Ogólne statystyki
  • Ten quiz został rozwiązany 111 razy
    51 od ostatniego zresetowania
  • Średni wynik to 4 z 7
Statystyki odpowiedzi
Odpowiedź % Poprawnych
Messenger
95%
Whatsapp
76%
Discord
64%
Snapchat
60%
Skype
40%
Gadu Gadu
36%
Zoom
14%
Nie znaleziono quizów pasujących do podanych kryteriów
Rozkład punktacji
Procent ludzi z każdym wynikiem
Percentyl według liczby udzielonych odpowiedzi
Twoja historia wyników
Nie rozwiązałeś tego quizu od ostatniego zresetowania